| 000 | 01011cam a2200301Ia 4500 | ||
|---|---|---|---|
| 005 | 20151020075610.0 | ||
| 008 | 151020s2006 ag fr 001 0 spa d | ||
| 020 | _a9871283067 | ||
| 020 | _a8460983579 | ||
| 035 | _a(OCoLC)706772237 | ||
| 040 |
_aCo-BoUCM _bspa _cLuz Cupitra _dLuz Cupitra |
||
| 041 | 1 |
_aspa _heng |
|
| 100 | 1 |
_aGumbrecht, Hans Ulrich _972543 _d1948- |
|
| 240 | 1 | 0 |
_aIn praise of athletic beauty _lEspañol. |
| 245 | 1 | 0 |
_aElogio de la belleza atlética _cHans Ulrich Gumbrecht ; traducido por Aldo Mazzucchelli |
| 260 |
_aBuenos Aires (Argentina) _bKatz _c2006 |
||
| 300 | _a285 páginas | ||
| 490 | 0 |
_aDifusión _v1002 |
|
| 500 | _aIncluye índice | ||
| 650 | 7 |
_aFilosofía del deporte _915791 |
|
| 650 |
_aEstética _915073 |
||
| 650 | 4 |
_aDeportes _xEspectadores _972545 |
|
| 690 |
_942762 _aDeportes |
||
| 700 | 1 |
_aMazzucchelli, Aldo _972546 |
|
| 765 | _tIn praise of athletic beauty | ||
| 942 |
_2DEWEY _a11 _cLIBRO _e1 _h796.01 _mG974el |
||
| 999 |
_c301744 _d301744 |
||